[Event "AUTO-OPEN-746"]
[Site "http://www.queenalice.com/game.php?id=241769"]
[Date "2007.7.18"]
[Round "1"]
[White "ray"]
[Black "pastorzim"]
[Result "0-1"]
[WhiteElo "1634"]
[BlackElo "1929"]

1. c4 e5 2. Nc3 Nc6 3. g3 Bc5 4. e3 Nf6 5. Bg2 O-O 6. Nge2 Re8 7. O-O a6 8. d4
exd4 9. exd4 Bb4 10. a3 Bxc3 11. Nxc3 h6 12. Be3 Na5 13. b4 Nxc4 14. Re1 Nxe3
15. fxe3 d5 16. Qb3 c6 17. Ne2 Qe7 18. Nf4 Bf5 19. e4 dxe4 20. h3 Rad8 21. g4
Bc8 22. Qc2 Rxd4 23. Ne2 Rd6 24. Nc3 e3 25. Nd1 Bd7 26. Qc5 e2 27. Nf2 Nh7 28.
Ra2 Re6 29. Qxe7 R6xe7 30. Nd3 b6 31. Bf3 Re3 32. Bxe2 Rxd3 33. Bxd3 Rxe1+ 34.
Kf2 Re7 35. a4 Ng5 36. Kg3 Re3+ 37. Kf4 Rxd3 38. Re2 Rd4+ 39. Kg3 Rxb4 40. h4
Rxg4+ 41. Kf2 Rxh4 42. Re7 Be6 43. Rc7 Rxa4 44. Rxc6 b5 45. Ke2 h5 46. Kd3 h4
47. Ke2 h3 48. Kf2 Bd5 49. Rd6 Ne4+ 50. Ke3 Nxd6 51. Kd3 h2 52. Ke2 h1=Q 53. Ke3
Qh3+ 54. Kd2 Ra2+ 55. Kc1 Qh1# 0-1

[Event "AUTO-OPEN-746"]
[Site "http://www.queenalice.com/game.php?id=241770"]
[Date "2007.7.18"]
[Round "1"]
[White "pastorzim"]
[Black "ray"]
[Result "1-0"]
[WhiteElo "2010"]
[BlackElo "1652"]

1. e4 c5 2. Nc3 Nc6 3. Nf3 g6 4. d3 Bg7 5. g3 Nf6 6. Bg2 O-O 7. Be3 b6 8. O-O
Bb7 9. Bf4 d6 10. Re1 e5 11. Bg5 h6 12. Bc1 Nh7 13. Bd2 f5 14. exf5 Rxf5 15. a3
Rb8 16. Nh4 Rf6 17. Nd5 Rf7 18. Nxg6 Nd4 19. Nh4 Ng5 20. c3 Nde6 21. Qa4 Bxd5
22. Bxd5 Qf6 23. Re2 Nh3+ 24. Kg2 Nxf2 25. Bxe6 Qxe6 26. Rxf2 Rxf2+ 27. Kxf2
Rf8+ 28. Nf3 Qh3 29. Rh1 d5 30. Be3 d4 31. cxd4 exd4 32. Bf4 Qe6 33. Re1 Qf7 34.
Kg2 Kh7 35. Qc2 Kh8 36. b3 h5 37. Qc4 Qf5 38. Re7 Bh6 39. Be5+ Bg7 40. Bxg7+ Kh7
41. Bxf8+ Kg6 42. Nh4+ Kg5 43. Qg8+ Kf6 44. Qg7# 1-0

[Event "AUTO-OPEN-746"]
[Site "http://www.queenalice.com/game.php?id=241795"]
[Date "2007.7.18"]
[Round "1"]
[White "Alx"]
[Black "pastorzim"]
[Result "0-1"]
[WhiteElo "1576"]
[BlackElo "1863"]

1. d4 d5 2. e3 Nf6 3. Bb5+ Bd7 4. Na3 e6 5. Qd3 a6 6. Bxd7+ Nbxd7 7. Qb3 b5 8.
Bd2 Ne4 9. Ba5 Qf6 10. Nh3 Bd6 11. f3 Ng5 12. Rd1 Nxh3 13. gxh3 Qxf3 14. Rf1
Qxh3 15. Qd3 Bxh2 16. Qe2 Nf6 17. Qf2 Bg3 18. Rh1 Bxf2+ 19. Kxf2 Ne4+ 20. Ke2
Qg2+ 21. Kd3 Nf2+ 22. Kc3 Nxh1 23. Bxc7 Rc8 24. Kb4 Rxc7 25. Rd3 Ng3 26. Rd1 Ne4
27. Rd3 O-O 28. Kb3 a5 29. Nxb5 Qxc2+ 30. Ka3 Qxd3+ 31. b3 Qxb5 32. Kb2 Rfc8 33.
Ka3 Qb4+ 34. Kb2 Rc2+ 35. Kb1 Qe1# 0-1

[Event "AUTO-OPEN-746"]
[Site "http://www.queenalice.com/game.php?id=241796"]
[Date "2007.7.18"]
[Round "1"]
[White "pastorzim"]
[Black "Alx"]
[Result "1-0"]
[WhiteElo "1967"]
[BlackElo "1583"]

1. e4 d5 2. exd5 Qxd5 3. Nc3 Qe6+ 4. Qe2 Qf6 5. d4 Qxd4 6. Nf3 Qd8 7. Bd2 Nc6 8.
O-O-O e6 9. Bg5 Nd4 10. Rxd4 Qxd4 11. Nxd4 Bd7 12. Qf3 Bc5 13. Ncb5 Rc8 14. Qxb7
f6 15. Be3 e5 16. Nf5 Bxf5 17. Bxc5 Kf7 18. Nxc7 Rd8 19. h4 h5 20. Bxa7 Bg4 21.
Nd5+ Ke6 22. Bc4 Kf5 23. Ne3+ Kg6 24. Nxg4 Ne7 25. Nxe5+ Kh6 26. Nf7+ Kg6 27.
Qxe7 Rde8 28. Nxh8+ Kh7 29. Qxe8 f5 30. Bd3 Kh6 31. Qg6# 1-0

[Event "AUTO-OPEN-746"]
[Site "http://www.queenalice.com/game.php?id=241813"]
[Date "2007.7.18"]
[Round "1"]
[White "pastorzim"]
[Black "black13"]
[Result "1-0"]
[WhiteElo "1882"]
[BlackElo "1845"]

1. d4 d5 2. c4 e6 3. e3 Nf6 4. Nd2 Nc6 5. Ngf3 Bd7 6. a3 Be7 7. Qb3 b6 8. h3 a5
9. a4 O-O 10. Bd3 Nb4 11. O-O Nxd3 12. Qxd3 Bc8 13. Re1 Bb7 14. b3 Bb4 15. Ng5
Bxd2 16. Bxd2 h6 17. Nf3 dxc4 18. bxc4 Bxf3 19. gxf3 c5 20. Bc3 Qd7 21. Rab1
Rab8 22. Kh2 Rfd8 23. Ra1 e5 24. d5 Qd6 25. Qf1 e4+ 26. f4 Nh7 27. Be5 Qd7 28.
Qg2 f6 29. Bxb8 Rxb8 30. Qxe4 Re8 31. Qg2 Qd6 32. Rg1 Re7 33. Qg3 Re4 34. Qxg7#
1-0

[Event "AUTO-OPEN-746"]
[Site "http://www.queenalice.com/game.php?id=241814"]
[Date "2007.7.18"]
[Round "1"]
[White "black13"]
[Black "pastorzim"]
[Result "0-1"]
[WhiteElo "1882"]
[BlackElo "1500"]

1. e4 e6 2. d4 d5 3. e5 c5 4. c3 a6 5. Nf3 Nc6 6. Be2 Be7 7. O-O Qb6 8. Nbd2
cxd4 9. cxd4 Nxd4 10. Qa4+ Nc6 11. Nb3 Bd7 12. Qg4 g6 13. Be3 Qc7 14. Bf4 h5 15.
Qh3 Qd8 16. Nfd4 g5 17. Be3 Nxe5 18. Bd2 Rc8 19. Qe3 Nc4 20. Bxc4 dxc4 21. Na5
Bc5 22. Nxc4 Bb5 23. Rac1 Bxd4 24. Nd6+ Qxd6 25. Rxc8+ Kd7 26. Qxg5 Kxc8 27.
Rc1+ Bc6 28. Bc3 Bxc3 29. bxc3 Qd5 30. f3 Qxg5 0-1

[Event "Challenge"]
[Site "http://www.queenalice.com/game.php?id=254314"]
[Date "2007.8.11"]
[Round "-"]
[White "pastorzim"]
[Black "lclassance"]
[Result "1-0"]
[WhiteElo "1934"]
[BlackElo "1743"]

1. e4 e5 2. Nf3 Nc6 3. Bc4 Nf6 4. Nc3 d6 5. h3 Be6 6. Qe2 Be7 7. Bb5 O-O 8. Bxc6
bxc6 9. O-O d5 10. Nxe5 dxe4 11. Nxc6 Qd7 12. Nxe7+ Qxe7 13. Nxe4 Nxe4 14. Qxe4
f5 15. Qe5 c5 16. Re1 Rae8 17. b3 f4 18. Ba3 Rf5 19. Qe4 f3 20. Qxf5 Bxf5 21.
Rxe7 Rxe7 22. Bxc5 Rc7 23. d4 Bxc2 24. gxf3 a6 25. Re1 Bf5 26. Kh2 h5 27. b4 Kh7
28. Kg3 g5 29. Re7+ Rxe7 30. Bxe7 h4+ 31. Kg2 Kg6 32. d5 Kh5 33. a4 Bd3 34. d6
Bf5 35. b5 axb5 36. axb5 g4 37. fxg4+ Bxg4 38. hxg4+ Kxg4 39. Bxh4 1-0

[Event "Challenge"]
[Site "http://www.queenalice.com/game.php?id=255348"]
[Date "2007.8.14"]
[Round "-"]
[White "pastorzim"]
[Black "The_Hand_of_God"]
[Result "1-0"]
[WhiteElo "1891"]
[BlackElo "1719"]

1. e4 c5 2. Nf3 d6 3. d4 cxd4 4. Qxd4 Nc6 5. Bb5 a6 6. Bxc6+ bxc6 7. b3 e5 8.
Qc4 Bb7 9. Ng5 d5 10. exd5 cxd5 11. Qa4+ Qd7 12. Qxd7+ Kxd7 13. Nxf7 Nf6 14.
Nxh8 Ke6 15. Bb2 Be7 16. Nf7 Kxf7 17. Bxe5 Re8 18. O-O Bc5 19. Bxf6 Kxf6 20. Nd2
Bd4 21. Rad1 g5 22. Rfe1 Rf8 23. c4 Kg6 24. Nf3 Bc5 25. cxd5 g4 26. Ne5+ Kg7 27.
Re2 Rf4 28. Nd3 Bxf2+ 29. Rxf2 Rd4 30. Nb2 Rxd1+ 31. Nxd1 Bxd5 32. Ne3 Be6 33.
Rf4 h5 34. Rd4 1-0

[Event "Challenge"]
[Site "http://www.queenalice.com/game.php?id=270560"]
[Date "2007.9.12"]
[Round "-"]
[White "Lucioamorim"]
[Black "pastorzim"]
[Result "1-0"]
[WhiteElo "1771"]
[BlackElo "2007"]

1. f4 d6 2. e4 e5 3. Nf3 Bg4 4. Bc4 a6 5. O-O Nc6 6. c3 Nge7 7. Bxf7+ Kxf7 8.
Ng5+ Kg8 9. Qxg4 Qc8 10. Qxc8 Rxc8 11. d3 h6 12. Nf3 Kh7 13. Be3 Re8 14. Nbd2 g6
15. d4 Bg7 16. d5 Nd8 17. fxe5 dxe5 18. c4 b6 19. b4 Rhf8 20. c5 b5 21. a4 c6
22. d6 Ng8 23. axb5 axb5 24. Ra7 Rf7 25. Ng5+ hxg5 26. Rfxf7 Nxf7 27. Rxf7 Rc8
28. Bxg5 Nh6 29. Rc7 1-0

[Event "Challenge"]
[Site "http://www.queenalice.com/game.php?id=273316"]
[Date "2007.9.18"]
[Round "-"]
[White "mateus_amorim"]
[Black "pastorzim"]
[Result "0-1"]
[WhiteElo "1685"]
[BlackElo "1960"]

1. d4 d5 2. e3 Nf6 3. Bd3 b6 4. h3 e6 5. Nf3 c5 6. dxc5 Bxc5 7. O-O Bb7 8. b3
Nbd7 9. Bb2 O-O 10. Nbd2 Rc8 11. c4 dxc4 12. Bxc4 Qe7 13. Qc2 Rfd8 14. Rac1 a6
15. Qd1 b5 16. Be2 Nf8 17. Qe1 Ng6 18. Nb1 Nd7 19. Rc3 Bb4 20. a3 Bxc3 21. Bxc3
Nh4 22. g3 Nxf3+ 0-1

[Event "Let's Play"]
[Site "http://www.queenalice.com/game.php?id=281356"]
[Date "2007.10.5"]
[Round "-"]
[White "pastorzim"]
[Black "kalindii"]
[Result "0-1"]
[WhiteElo "1888"]
[BlackElo "2024"]

1. e4 e5 2. Nf3 Nc6 3. Bc4 Nf6 4. d3 Bc5 5. Nc3 O-O 6. Bg5 d6 7. Nd5 Bg4 8. c3
a6 9. b4 Ba7 10. a4 h6 11. Bh4 g5 12. Bg3 Nxd5 13. exd5 Ne7 14. h3 Bh5 15. Qe2
b5 16. axb5 axb5 17. Bxb5 Nxd5 18. Bc6 Nxc3 19. Qc2 Rb8 20. Qxc3 Bxf3 21. Bxf3
Bd4 22. Qc1 Bxa1 23. Qxa1 Rxb4 24. O-O Qd7 25. Rb1 Rfb8 26. Rxb4 Rxb4 27. Bg4
Qb5 28. Qa8+ Qb8 29. Qxb8+ Rxb8 30. Bf5 Kg7 31. f3 Kf6 32. Be4 Ke6 33. Bc6 Rb3
34. Ba4 Rxd3 35. Bb5 Ra3 36. Be1 Kd5 37. Be8 f6 38. Kf2 c5 39. Bd2 Kd4 40. h4
Ra2 41. Ke2 c4 42. Kd1 c3 43. Bc1 Rxg2 0-1

[Event "AUTO-MASTER-393"]
[Site "http://www.queenalice.com/game.php?id=283061"]
[Date "2007.10.8"]
[Round "1"]
[White "Blackadder"]
[Black "pastorzim"]
[Result "0-1"]
[WhiteElo "1937"]
[BlackElo "1974"]

1. e4 e6 2. d4 d5 3. e5 c5 4. c3 Nc6 5. Nf3 Qb6 6. Be2 Be7 7. O-O f6 8. exf6
Nxf6 9. Ne5 O-O 10. f4 cxd4 11. Nxc6 dxc3+ 12. Qd4 Bc5 0-1

[Event "AUTO-MASTER-393"]
[Site "http://www.queenalice.com/game.php?id=283062"]
[Date "2007.10.8"]
[Round "1"]
[White "pastorzim"]
[Black "Blackadder"]
[Result "1/2-1/2"]
[WhiteElo "2014"]
[BlackElo "1930"]

1. e4 c5 2. Nc3 Nc6 3. Bb5 e5 4. Nf3 d6 5. h3 Bd7 6. O-O Nf6 7. a4 Be7 8. d3 O-O
9. Re1 Qc8 10. Bc4 Nd4 11. Rb1 h6 12. Nxd4 cxd4 13. Nd5 Nxd5 14. Bxd5 Be6 15. c4
f5 1/2-1/2

[Event "AUTO-MASTER-393"]
[Site "http://www.queenalice.com/game.php?id=283073"]
[Date "2007.10.8"]
[Round "1"]
[White "anderson_amorim89"]
[Black "pastorzim"]
[Result "0-1"]
[WhiteElo "2000"]
[BlackElo "1940"]

1. d4 d5 2. c4 e6 3. e3 Nf6 4. Nc3 Be7 5. Nf3 O-O 6. Qc2 c5 7. Bd3 b6 8. cxd5
exd5 9. O-O Bb7 10. a3 Re8 11. b3 a6 12. Bb2 Nbd7 13. Rfe1 Rc8 14. Qb1 Qc7 15.
Ne2 c4 16. Rc1 b5 17. Bc2 Bd6 18. b4 h6 19. Bc3 Ne4 20. Qb2 Ndf6 21. h3 Bc6 22.
Bxe4 Nxe4 23. Be1 Bd7 24. Nc3 Nf6 25. Qc2 Re7 26. Kh1 Rce8 27. Nd2 Qc8 28. Kg1
Bf5 29. Qa2 Qe6 30. Qb2 Nh7 31. a4 Ng5 32. Nd1 Nxh3+ 33. gxh3 Bxh3 34. f3 Qg6+
0-1

[Event "AUTO-MASTER-393"]
[Site "http://www.queenalice.com/game.php?id=283074"]
[Date "2007.10.8"]
[Round "1"]
[White "pastorzim"]
[Black "anderson_amorim89"]
[Result "0-1"]
[WhiteElo "1875"]
[BlackElo "1851"]

1. e4 e6 2. d4 d5 3. exd5 Qxd5 4. Nc3 Bb4 5. Ne2 Nc6 6. Be3 Nf6 7. Qd3 Ne4 8. a3
Bxc3+ 9. Nxc3 Nxc3 10. Qxc3 O-O 11. Qd2 b6 12. f3 Rd8 13. c3 Na5 14. Rb1 Nc4 15.
Qd3 Nxe3 16. Qxe3 Bb7 17. Bd3 Qh5 18. O-O Re8 19. Rbe1 Rad8 20. Bb1 c6 21. Qe4
Rd5 22. Qd3 Rg5 23. Rf2 Rd8 24. Rfe2 c5 25. Re5 Rd5 26. Rxg5 Rxg5 27. Re5 g6 28.
Rxg5 Qxg5 29. dxc5 Qxc5+ 30. Qd4 Qxd4+ 31. cxd4 Kf8 32. Kf2 Ke7 33. Be4 Bxe4 34.
fxe4 Kd6 35. g4 h6 36. b4 Kc6 37. a4 f5 38. gxf5 gxf5 39. b5+ Kd6 40. Ke3 fxe4
41. Kxe4 Kd7 42. Ke5 Ke7 43. h3 Kd7 44. h4 Ke7 45. h5 Kf7 0-1

[Event "AUTO-MASTER-393"]
[Site "http://www.queenalice.com/game.php?id=283081"]
[Date "2007.10.8"]
[Round "1"]
[White "pastorzim"]
[Black "gyatso"]
[Result "1-0"]
[WhiteElo "1855"]
[BlackElo "1601"]

1. e4 c5 2. Nc3 e6 3. Nf3 Nc6 4. Bb5 Nf6 5. d3 Be7 6. O-O O-O 7. a4 d6 8. h3 Nd4
9. Nxd4 cxd4 10. Ne2 e5 11. c3 dxc3 12. Nxc3 d5 13. exd5 Nxd5 14. Bd2 Nb4 15.
Qe2 Bd7 16. Qxe5 Bxb5 17. Qxb5 Qxd3 18. Qxd3 Nxd3 19. b3 Rad8 20. Rab1 Rfe8 21.
Be3 Bb4 22. Ne2 a5 23. Nd4 g6 24. Nc2 Bc3 25. Rfd1 Nb4 26. Rxd8 Rxd8 27. Bb6 Rd2
28. Ne3 Nd5 29. Nxd5 Rxd5 30. Kf1 Rd6 31. Bc7 1-0

[Event "AUTO-MASTER-393"]
[Site "http://www.queenalice.com/game.php?id=283082"]
[Date "2007.10.8"]
[Round "1"]
[White "gyatso"]
[Black "pastorzim"]
[Result "1-0"]
[WhiteElo "1958"]
[BlackElo "1930"]

1. d4 d5 2. c4 e6 3. Nf3 Nf6 4. g3 b6 5. Bg2 Bb7 6. O-O Be7 7. Qc2 O-O 8. cxd5
exd5 9. Nc3 Nbd7 10. Bf4 Rc8 11. Nb5 a6 12. Na7 Ra8 13. Nc6 Bxc6 14. Qxc6 Rc8
15. Rac1 Nb8 16. Qb7 Bd6 17. Ne5 c6 18. Nxc6 Nxc6 19. Rxc6 Rxc6 20. Qxc6 Bxf4
21. gxf4 Re8 22. e3 Re6 23. Qc2 Ng4 24. Rc1 h5 25. Qc8 Rd6 26. Qxd8+ Rxd8 27.
Rc6 Nf6 28. Rxb6 Ra8 29. b4 1-0

[Event "Challenge"]
[Site "http://www.queenalice.com/game.php?id=294263"]
[Date "2007.10.28"]
[Round "-"]
[White "pastorzim"]
[Black "technicaldraw"]
[Result "1/2-1/2"]
[WhiteElo "1936"]
[BlackElo "2002"]

1. e4 e6 2. d4 d5 3. Nc3 Bb4 4. Bd2 Ne7 5. Nge2 dxe4 6. Nxe4 Bxd2+ 7. Qxd2 Nbc6
8. O-O-O Nf5 9. d5 exd5 10. Qxd5 Qxd5 11. Rxd5 Be6 12. Rd2 O-O 13. a3 Rfd8 14.
N2c3 Rxd2 15. Kxd2 Rd8+ 16. Kc1 a6 17. Bd3 b6 18. Re1 Nh4 19. g3 Nf3 20. Rh1
Nce5 21. Bxa6 Bc4 22. Bxc4 Nxc4 23. h4 h6 24. Rd1 Rxd1+ 25. Nxd1 f5 26. Nec3 c6
27. a4 Kf7 28. b3 Nce5 29. Ne2 g5 30. hxg5 hxg5 31. Kb2 Ke6 32. c4 Kd6 33. Kc3
c5 34. Ne3 Ke6 35. Kc2 Nc6 36. Nc3 Ncd4+ 37. Kb2 Nd2 38. Ncd5 N2xb3 39. Nxb6 Na5
40. Ned5 Nxc4+ 41. Nxc4 Kxd5 42. Ne3+ Kc6 1/2-1/2